000 00515nam a22001817a 4500
005 20251108165332.0
008 250721s1995 xx 000 0 ara d
082 1 4 _a636.2950956/سيد
100 1 _aجهاد، السيد أحمد
245 1 0 _aالإبل العربية :
_bإنتاج و تراث /
264 1 _aالقاهرة :
_bالمؤلف،
_c1995.
300 _a416ص
650 1 7 _aالإبل
650 1 7 _aالبلدان العربية
650 1 7 _aالجمل
942 _2ddc
_cBK
999 _c25370
_d25370